ბათუმის შოთა რუსთაველის სახელმწიფო უნივერსიტეტის ბიბლიოთეკა

რჩეული პედაგოგიური თხზულებანი. (ბიბ.ჩანაწერი № 44908)

000 -LEADER
fixed length control field 00823nam a2200217Ia 4500
001 - CONTROL NUMBER
control field 11727
003 - CONTROL NUMBER IDENTIFIER
control field GE_BSU
008 - FIXED-LENGTH DATA ELEMENTS--GENERAL INFORMATION
fixed length control field 181216s||||||||xx |||||||||||||| ||und||
040 ## - CATALOGING SOURCE
Transcribing agency GE_BSU
080 ## - UNIVERSAL DECIMAL CLASSIFICATION NUMBER
Universal Decimal Classification number 37.01(437)(092)
100 ## - MAIN ENTRY--PERSONAL NAME
Personal name კომენსკი,იან ამოს. Komensky,Jan Amos.
245 ## - TITLE STATEMENT
Title რჩეული პედაგოგიური თხზულებანი.
245 ## - TITLE STATEMENT
Statement of responsibility, etc. რედ:დ.ლორთქიფანიძე; თარგმ:შალვა გვინიჩიძე.
260 ## - PUBLICATION, DISTRIBUTION, ETC.
Place of publication, distribution, etc. თბილისი
260 ## - PUBLICATION, DISTRIBUTION, ETC.
Name of publisher, distributor, etc. ცოდნა
260 ## - PUBLICATION, DISTRIBUTION, ETC.
Date of publication, distribution, etc. 1958
300 ## - PHYSICAL DESCRIPTION
Extent 606გვ;22სმ.
300 ## - PHYSICAL DESCRIPTION
Other physical details პირთა საძიებ.გვ:597
653 ## - INDEX TERM--UNCONTROLLED
Uncontrolled term რჩეული პედაგოგიური თხზულებანი.
942 ## - ADDED ENTRY ELEMENTS (KOHA)
Koha item type წიგნი
ეგზემპლარები
Withdrawn status Lost status Damaged status Not for loan Date acquired Barcode Date last seen Price effective from Koha item type
        2018-12-17 20331 2018-12-17 2018-12-17 წიგნი